| 000 | 00339nam a22001337a 4500 | ||
|---|---|---|---|
| 008 | 170414b xxu||||| |||| 00| 0 eng d | ||
| 020 | _a089004905X | ||
| 041 | _aeng | ||
| 080 | _a612.39 | ||
| 100 | _a10 | ||
| 101 | _aSHM | ||
| 245 |
_aNUTRITIONAL ADAPTATION OF THE GASTROINTESTINAL TRACT OF THE NEWBORN _cKRETCHMER, N |
||
| 942 |
_2udc _cBK |
||
| 999 |
_c10854 _d10854 |
||